000 00388nam a22001457a 4500
003 LK-CoDNM
005 20240806093553.0
008 240806b |||||||| |||| 00| 0 eng d
040 _aLK-CoDNM
_dLK-CoDNM
_eLK-CoDNM
080 _bGP1973st-26
245 _aCensus Of Agriculture
260 _aColombo
_bDepartment Of Census And Statistical
_c1973
300 _b12p. : 21 cm
942 _cBK
999 _c146585
_d146585